Länder, die diese Regionen teilen #5 - Statistiken

Allgemein
  • Dieses Quiz wurde 186 mal gespielt
    185 seit der letzten Aktualisierung
  • Das Durchschnittsergebnis liegt bei 31 aus 39
Antwortstatistiken
Region Land % Korrekt
Balkanhalbinsel Kroatien
94%
Balkanhalbinsel Serbien
93%
Balkanhalbinsel Slowenien
93%
Balkanhalbinsel Bosnien und Herzegowina
92%
Balkanhalbinsel Kosovo
92%
Balkanhalbinsel Albanien
91%
Balkanhalbinsel Montenegro
91%
Balkanhalbinsel Bulgarien
90%
Riviera Italien
90%
Balkanhalbinsel Italien
90%
Balkanhalbinsel Nord Mazedonien
89%
Riviera Frankreich
88%
Balkanhalbinsel Griechenland
88%
Ontariosee Kanada
88%
Ontariosee Vereinigte Staaten
88%
Große Antillen Vereinigte Staaten
88%
Maghreb Algerien
85%
Balkanhalbinsel Rumänien
85%
Zentralasien Kasachstan
83%
Zentralasien Tadschikistan
83%
Nubien Ägypten
81%
Maghreb Marokko
81%
Maghreb Libyen
80%
Maghreb Tunesien
80%
Zentralasien Turkmenistan
80%
Zentralasien Usbekistan
80%
Zentralasien Kirgisistan
79%
Balkanhalbinsel Türkei
72%
Große Antillen Haiti
70%
Große Antillen Kuba
70%
Nubien Sudan
70%
Große Antillen Dominikanische Republik
66%
Große Antillen Jamaika
66%
Maghreb Mauretanien
64%
Bessarabien Moldawien
58%
Livland Lettland
53%
Livland Estland
52%
Bessarabien Ukraine
52%
Große Antillen Vereinigtes Königreich
38%
Keine übereinstimmenden Quizze gefunden
Verteilung der Resultate
Anzahl Personen mit jedem Resultat
Perzentil nach korrekt beantworteten Fragen
Ihre Resultats-Entwicklung
Sie haben dieses Quiz seit der letzten Aktualisierung nicht gespielt